Loading...

Modern approach to non-verbal reasoning /

Bibliografiske detaljer
Hovedforfatter: Aggarwal, R. S.
Format: Printed Book
Sprog:English
Udgivet: New Delhi : S. Chand & Company ltd , 1995.
Fag:
LEADER 00587nam a22001577a 4500
008 200722b ||||| |||| 00| 0 eng d
020 |a 8121905532 
082 |a 001 
100 |a Aggarwal, R. S. 
245 |a Modern approach to non-verbal reasoning /   |c R. S. Aggarwal .  
260 |a New Delhi :  |b S. Chand & Company ltd ,  |c 1995. 
300 |a 256p. :  |b ill. ;  |c 25cm. 
650 |a Question-answering systems 
942 |c REF 
999 |c 351979  |d 351979 
952 |0 0  |1 0  |2 ddc  |4 0  |6 001_000000000000000_AGG_M  |7 0  |9 406665  |a LLE  |b LLE  |c REF  |d 1996-02-12  |i 1030  |l 0  |o 001 AGG/M  |p LLE1030  |r 2020-07-22  |w 2020-07-22  |y REF